000 00412nam a22001697a 4500
003 MPLRDC
005 20220104163210.0
008 210129b ||||| |||| 00| 0 eng d
020 _a0-07-059632-8
082 _a490.7 SON
100 _aFRANK K. SONNENBERG
245 _aMANAGING WITH A CONSCIENCE
_c
260 _a
_bMCGRAW-HILL, INC.
_c
300 _b
650 _a商学总论
942 _cBK
_o490.7 SON
999 _c56346
_d56336